00819nam a22002414a 450000100100000000500170001000800410002702000200006808200160008809400190010409500100012324500640013326000390019730000110023650001430024754000330039065000220042365000280044585600760047385600090054999000100055899900090056800008118720250109105213.0 por  a311978857052519 a368.100981  abndigital00172 aLivro aGestão do risco e seguro na agricultura brasileirahLivro aRio de Janeiro, RJbFUNENSEGc2011 a311 p. aOrganização de Antônio Márcio Buainain, Pedro Abel Vieira e Wady José Mourão Cury; colaboração de Carolina Nesper Pereira. aBiblioteca Nacional (Brasil) aSeguro agrícola aInsurance, Agricultural uhttp://memoria.bn.br/DOCREADER/DOCREADER.ASPX?bib=Bib&PagFis=23950yHTM qtiff aLivro c9d9